Представление документа в формате MARC21

ПолеНазваниеЗначение
  Тип записи a
  Библиографический уровень m
001 Контрольный номер RU/URAIT/585280
005 Дата корректировки 20260429163707.6
008 Кодируемые данные 260429s2026 RU y f j 000 0 rus u
020 Индекс ISBN __
a ISBN 978-5-534-16934-8
c Цена, тираж 1659.00
040 Источник каталогиз. __
a Служба первич. каталог. ИКО Юрайт
c Служба, преобразующая запись ИКО Юрайт
e Правила каталог. RCR
041 Код языка издания __
a Код языка текста rus
044 Код страны публикации __
a Код страны публикации RU
080 Индекс УДК __
a Индекс УДК 330.8(075.8)
084 Индекс другой классификации/Индекс ББК __
2 Источник индекса rubbk
a Индекс другой классификации/Индекс ББК 65.01я73
100 Автор __
a Автор Поликарпова Т. И.
q Полное имя Поликарпова Тамара Ивановна
245 Заглавие __
a Заглавие Экономическая теория
b Продолж. заглавия учебник и практикум для вузов
c Ответственность Т. И. Поликарпова.
250 Сведения об издании __
g испр. и доп
a Основные сведения об издании 5-е изд.
256 Характеристики компьютерного файла __
a Характеристики компьютерного файла Электрон. дан.
260 Выходные данные __
a Место издания Москва
b Издательство Юрайт
c Дата издания 2026
300 Физическое описание __
a Объем 308 с
440 Серия __
a Серия Высшее образование
500 Примечания __
a Примечание URL: https://urait.ru/bcode/585280 (дата обращения: 29.04.2026).
520 Аннотация __
a Аннотация Курс раскрывает фундаментальные основы экономики: понятийный аппарат, базовые методы экономического анализа, важнейшие причинно-следственные связи и законы функционирования рыночной экономики. Рассматриваются поведение отдельных экономических субъектов в условиях ограниченных возможностей, правила принятия ими оптимальных решений, а также основные макроэкономические понятия и закономерности. Соответствует актуальным требованиям федерального государственного образовательного стандарта высшего образования. Для студентов высших учебных заведений, обучающихся по экономическим направлениям.
538 Прим. о системных особенностях __
a Прим. о системных особенностях Режим доступа: Электронно-библиотечная система Юрайт, для авториз. пользователей
653 Ключевые слова __
a Ключевые слова Экономика: общие работы
653 Ключевые слова __
a Ключевые слова Экономические науки
653 Ключевые слова __
a Ключевые слова Общая экономическая теория
653 Ключевые слова __
a Ключевые слова Экономика
653 Ключевые слова __
a Ключевые слова Основы экономики
653 Ключевые слова __
a Ключевые слова Основы экономической теории
653 Ключевые слова __
a Ключевые слова Экономика (Основы экономических теорий)
653 Ключевые слова __
a Ключевые слова Экономическая теория
653 Ключевые слова __
a Ключевые слова Введение в экономику
653 Ключевые слова __
a Ключевые слова Экономика (экономическая теория)
653 Ключевые слова __
a Ключевые слова Введение в экономическую теорию
653 Ключевые слова __
a Ключевые слова Основы экономических теорий
653 Ключевые слова __
a Ключевые слова Теория экономических учений
856 Электронный адрес документа 40
n Местонахождение сервера Юрайт
g Электронная книга
q Тип электронного формата html
h Имя пользователя ЮРАЙТ
v Часы доступа к ресурсу 20271231
2 Способ доступа Показать документ
x Служебное примечание https://urait.ru/book/cover/E71B80E8-1FDB-4C09-AC0E-3E1995EDFFD1
u URL https://urait.ru/bcode/585280
856 Электронный адрес документа 48
q Тип электронного формата cover
u URL https://urait.ru/book/cover/E71B80E8-1FDB-4C09-AC0E-3E1995EDFFD1
911 __
u 0030=https://urait.ru/bcode/585280
911 __
u 073a=9785534169348
u 073d=1659.00
911 __
u 106a=s
911 __
u 900l=
952 Тип литературы __
i Дисциплина Общая экономическая теория
952 Тип литературы __
i Дисциплина Экономика
952 Тип литературы __
i Дисциплина Основы экономики
952 Тип литературы __
i Дисциплина Основы экономической теории
952 Тип литературы __
i Дисциплина Экономика (Основы экономических теорий)
952 Тип литературы __
i Дисциплина Экономическая теория
952 Тип литературы __
i Дисциплина Введение в экономику
952 Тип литературы __
i Дисциплина Экономика (экономическая теория)
952 Тип литературы __
i Дисциплина Введение в экономическую теорию
952 Тип литературы __
i Дисциплина Основы экономических теорий
952 Тип литературы __
i Дисциплина Теория экономических учений